Quizzes
Events
Quiz Creation
Community
Videos
Private Events
Remove Ads
Sign In
Join for FREE
Feedback
Dark Mode
Quiz Categories
Sports
Geography
Music
Movies
Television
Just For Fun
Miscellaneous
History
Literature
Language
Science
Gaming
Entertainment
Religion
Holiday
For Kids
Quiz Lab
Recent
Popular Today
Quiz Kudos Today
Editor Picks
Curator Picks
Quizzes by...
Day
Popularity
Type
Ratings
Length
Year
Community
Subscriptions
Recent Discussions
Orange Saloon
Badges
Playlists
Quests
Create
Leaderboards
Showdown
Live 5
Trivia Bingo
Activity
Puzzle Library
Sporcle Events
Private Events
Virtual Trivia
Globe League
Become a Host
Pub Owners
SporcleCon
Opinionation
Our Games
Videos
Blog
Mobile Apps
Partnerships
Remove Ads and Go Orange
Feedback
Music
Pop Music
The Beatles
Song
Album
Lyrics
Bands
Singers
Artist
Clip
Rock
Rap
Classical
Billboard
Country Music
Kpop
Taylor Swift
Music
Pop Music
The Beatles
Song
Album
Lyrics
Bands
Singers
Artist
Clip
Rock
Rap
Classical
Billboard
Country Music
Kpop
Taylor Swift
Random Quiz
Search Sporcle
×
Quiz Lab
Quiz Lab
Music
Contest Participants
Type in answers that appear in a list
Type in answers that appear in a list
Classic
Best Score? Go Orange.
The X Factor UK Finalists (Complete) Stats
Can you name the The X Factor UK Finalists?
By
LJPMcGarey
15m
199 Questions
939 Plays
939 Plays
939 Plays
Comments
Comments
Give Quiz Kudos
Give Quiz Kudos
-
- Ratings
hide this ad
Replay
Link that replays current quiz
Next Quiz
Link to next quiz in quiz playlist
You Got
0%
They Got
Avg Score
55%
Avg Friend Score
Upgrade to see
Score Distribution
Jump to the score distribution portion of the page
Score
0/199
Timer
15:00
0
Plays Today
% Correct
Leon Mallett
89.5%
Matt Terry
88.7%
Matt Linnen
88.7%
Sam Lavery
87.4%
Sam Black
87.4%
Little Mix
86.6%
One Direction
85.4%
Leon Jackson
85.3%
Matt Cardle
84.6%
Sam Bailey
84.3%
Sam Callahan
84.3%
Leona Lewis
83.6%
Alexandra Burke
83.3%
Steve Brookstein
82%
James Michael
82%
James Arthur
82%
Joe McElderry
81.6%
Ben Haenow
81.3%
Ben Mills
81.2%
Ché Chesterman
81.1%
Olly Murs
80.8%
Rebecca Ferguson
79.3%
Shayne Ward
79%
JLS
78.1%
Cher Lloyd
77.2%
Louisa Johnson
77.2%
Danyl Johnson
74.2%
Stacey Solomon
74.1%
Andy Abraham
73.8%
Andy Williams
73.3%
G4
72.8%
Diana Vickers
72.6%
Ray Quinn
71.7%
Lucie Jones
71.5%
Marcus Collins
71.2%
Fleur East
71.2%
Mary Byrne
70.7%
John Adeleye
70.6%
Amelia Lily
70.6%
Daniel DeBourg
70.3%
Daniel Evans
70.3%
Ella Henderson
69.9%
Rak-Su
69.9%
Wagner Fiuza-Carrilho
69.4%
John & Edward
69%
Eoghan Quigg
68.8%
Rachel Hylton
68.8%
Rachel Adedeji
68.8%
Rylan Clark
68.4%
Rhydian Roberts
68.2%
Nicholas Dorsett
68%
Katie Waissel
67.1%
Nicholas McDonald
67%
Christopher Maloney
66.5%
Lloyd Macy
66.4%
Emily Middlemas
66.2%
Lucy Spraggan
65.1%
Dalton Harris
64.9%
Tabby Callaghan
64.7%
Lauren Platt
64.4%
Misha B
64.3%
Jahméne Douglas
64.1%
Union J
64%
Lauren Murray
63.7%
Luke Friend
63%
Brenda Edwards
62.8%
Same Difference
62.7%
% Correct
Saara Alto
62.7%
Ruth Lorenzo
61.7%
Laura White
61.7%
Janet Devlin
61.7%
Andrea Faustini
61.5%
Grace Davies
61.5%
Lloyd Daniels
61.4%
2 Shoes
61.2%
Chico Slimani
60.4%
Jamie Archer
60.3%
Jack Walton
60.2%
Frankie Cocozza
60.1%
Girlband
60%
Emily Nakanda
59.9%
Journey South
59.6%
Ryan Lawrie
59.6%
Kitty Brucknell
59.5%
Robert Allen
59.2%
Anthony Russell
59.1%
Craig Colton
59.1%
Treyc Cohen
59%
Johnny Robinson
58.8%
Paije Richardson
58.5%
Shan Ako
57.9%
Bad Lashes
57.6%
Rowetta Satchell
57.2%
Reggie 'n Bollie
57%
Hannah Barrett
56.8%
Scarlett Lee
56.6%
Austin Drage
56.4%
Scott Bruton
55.8%
Aiden Grimshaw
55.4%
The Risk
55.3%
Stevi Ritchie
55.3%
Jake Quickenden
55.3%
2 to Go
55.1%
5 After Midnight
55.1%
Stereo Kicks
55%
The Conway Sisters
54.9%
Diva Fever
54.9%
Chloe Jasmine
54.9%
Paul Akister
54.8%
Miss Frank
54.5%
Abi Alton
54.5%
Jay James
54.5%
Verity Keays
53.8%
Danny Tetley
53.8%
Addictiv Ladies
53.3%
Carolynne Poole
53.2%
Molly Scott
53.2%
Tamera Foster
53.1%
Cassie Compton
53%
Rikki Loney
53%
Kandy Rain
53%
Storm Lee
53%
Belle Amie
52.9%
Sophie Habibis
52.9%
Jonjo Kerr
52.6%
Only the Young
52.6%
F.Y.D.
52.5%
Nicolò Festa
52.5%
Jade Ellis
52.5%
Honey G
52.3%
Kevin Davy White
52.3%
Roberta Howett
52.2%
Nu Vibe
51.9%
Niki Evans
51.8%
% Correct
MK1
51.8%
Relley C
51.4%
Voices with Soul
51.3%
Maria Lawson
51.2%
Hope
51.2%
Beverley Trotman
51%
District3
50.9%
Chenai Zinyuku
50.7%
4Tune
50.7%
Melanie Masson
50.7%
Stephanie Nala
50.7%
Mason Noise
50.6%
4th Impact
50.4%
Monica Michael
50.4%
Sami Brookes
50%
Bupsi
49.7%
Rough Copy
49.4%
The Unconventionals
49.1%
Kye Sones
49.1%
Phillip Magee
48.9%
Four of Diamonds
48.9%
The MacDonald Brothers
48.8%
Shelley Smith
48.7%
Kerry McGregor
48.6%
Alien Uncovered
48.6%
Brendan Murray
48.4%
Bratavio
48.3%
The Cutkelvins
48.1%
Bella Penfold
48.1%
Eton Road
48.1%
Kingsland Road
48.1%
Anton Stevens
48%
Ashley McKenzie
48%
Kimberley Southwick
48%
Holly Tandy
47.9%
Gifty Louise
47.7%
United Vibe
47.6%
Nikitta Angus
47%
Jack and Joel
46.8%
Futureproof
46.4%
Lorna Simpson
46.4%
4Sure
46.3%
Seann Miley Moore
46.1%
Alisha Bennett
45.9%
Lola Saunders
45.8%
Miss Dynamix
45.3%
Blonde Electra
45.3%
Janice Robinson
44.7%
Acacia & Aaliyah
44.6%
LMA Choir
44.6%
Max Stone
44.5%
Overload Generation
44.5%
Kiera Weathers
44.2%
Talia Dean
44%
Giovanni Spanò
43.6%
Rai-Elle Williams
43.3%
Dionne Mitchell
43.2%
Freddy Parker
42.5%
Armstrong Martins
42.4%
Tracyleanne Jefford
42.2%
Misunderstood
42.1%
Spencer Sutherland
41.9%
Olatunji Yearwood
41.5%
Alisah Bonaobra
41.3%
Sean and Conor Price
40.7%
Quiz Playlist
Details
Report
Send in Message
Add To Playlist
Classic:
Type in answers that appear in a list
Last Updated: Apr 17, 2023
Quiz Scoreboard
CHALLENGE
Sign Up to Join the Scoreboard
Show All
Scores
Hide
Comments
May contain spoilers
Recently Published
9x9 Crossword: Cartoon Network
by jackfrog10
Miscellaneous
3m
College Basketball Coaching Resumes
by pancakes188
Sports
9m
Billboard Blitz: Fleetwood Mac
by CooCooCachoo
Music
15s
More to Explore
Quiz From the Vault
Featured Blog Post
Where Did the Easter Bunny Come From?
hide this ad
You Might Also Like...
Tags
Contestants
Contest Participants
Contest Winners
One Direction
UK Contestants
X Factor
Today's Top Quizzes in Music
Browse Music
hide this ad
Top Contributed Quizzes in Music
1
Taylor Swift All Songs (2024)
2
Guess the Artist- 70s Songs
3
7-to-1: Billboard Hot 100 #1 Hits of 2010s
4
Sorting Albums and Songs
5
Taylor Swift Logic Puzzle
6
KPOP LOGIC QUIZ
7
Guess the Taylor Swift song (Mystery Song)
8
One Thing in Common: Music
9
2010s Album by Cover III
10
Guess The Taylor Swift Lyrics Song #1
Explore More
Trending Topics
Marvel
Harry Potter
Disney
Anime
Crossword
Kpop
NBA
Puzzle
The Office
Song
WWE
Country
Pokémon
NFL
Soccer
hide this ad
More By:
LJPMcGarey
Quiz
Plays
Rating
Category
Featured
Created
Kanye West Discography
16,764
4.25
Music
Jul 17, 2012
WWE Draft 2016
9,861
3.83
Sports
Jul 21, 2016
Slipknot Discography
6,220
4.91
Music
Oct 28, 2014
Fall Out Boy Discography
3,373
4.80
Music
Jan 16, 2015
Lana Del Rey Discography
2,704
5.00
Music
Dec 30, 2012
Go to Creator's Profile
Score Distribution
Quiz Creator Spotlight
LJPMcGarey
Follow
Send a Message
Quizzes Created
-
Created Quiz Play Count
-
More By This Creator
Popular Quizzes Today
1
Find the US States - No Outlines Minefield
2
Find the Countries of Europe - No Outlines Minefield
3
The Countries of the World
4
Find the US States
5
Risky Map Clicking: Biggest States A-Z
6
US States
7
Popular People in 1961
8
Movies - When Are They Set?
More Music Quizzes
Which 2000's Artist
Curator's Pick
Trending Quizzes
Risky Map Clicking: Least Populous States A-Z
1-10 Letter G Words
1-10 Letter F Words
Risky Map Clicking: Next State Alphabetically
Adjectives in 80s TV Shows
Recently Updated
Leaping Animals
pecheneg
Reality TV Shows (A-Z)
bhenderson79
Rickey Henderson's Hall of Fame Teammates
pecheneg
Champions League XIs: Arsenal
pecheneg
Quick Pick: Celebrities in WWE's Hall of Fame
aduchscher
A-Z Keypad Blitz II
pecheneg
Multiple Oscar Actors
pecheneg
Mystery Phrase Blitz: Oscar 'Best Actors'
pecheneg
F. Scott Fitzgerald Novels
LTH
Pick 3 Villains
ddd62291
Trending Topics
Harry Potter
Disney
Kpop
Marvel
Crossword
NBA
Anime
Puzzle
Song
NFL
WWE
The Office
Pokémon
Soccer
Country
Your Account Isn't Verified!
In order to create a playlist on Sporcle, you need to verify the email address you used during registration. Go to your
Sporcle Settings
to finish the process.
Report this User
Report this user for behavior that violates our
Community Guidelines
.
Details:
Send Report
Go to the Sporcle.com Mobile Site →
Comments